| 000 | 00913cam a22002411i 4500 | ||
|---|---|---|---|
| 003 | SA-RiAUC | ||
| 005 | 20250215075938.0 | ||
| 008 | 250214s1963 mr g 00000 ara c | ||
| 040 |
_aSA-RiAUC _bara _cSA-RiAUC _erda |
||
| 082 | 0 | 4 |
_a251 _qSA-RiAUC |
| 090 |
_a251 _bف ا س |
||
| 100 | 1 |
_aالفاسي، علال، _d1910-1974 _eمؤلف. |
|
| 245 | 1 | 0 |
_aمقاصد الشريعة الإسلامية ومكارمها / _cعلال الفاسي. |
| 264 | 1 |
_aالدار البيضاء، المغرب : _bمكتبة الوحدة العربية، _c1963 |
|
| 300 |
_a288 صفحة ؛ _c23 سم |
||
| 336 |
_aنص _btxt _2rdacontent _3كتاب |
||
| 337 |
_aبدون وسيط _bn _2rdamedia |
||
| 338 |
_aمجلد _bnc _2rdacarrier |
||
| 650 | 7 |
_aأصول الفقه الإسلامي _2aucsh |
|
| 650 | 7 |
_aالشريعة الإسلامية _2aucsh |
|
| 942 |
_2ddc _cBOOK _n0 |
||
| 949 |
_aSA-JeALM _d250214 _umohamedma123 _n1 |
||
| 999 |
_c5953 _d5953 |
||